00502 a2200169 450000100060000002000180000604000370002410000210006124000430008224500380012530000070016336200090017065000240017994200070020395201050021099900170031574709 a9788572088572 cAnchieta - Colégio São Paulo aSypriano, Lilian10aTanquinho e Clau uma dupla legal?lpor10aTanquinho e Clau uma dupla legal? a640 a2013 4aLiteratura infantil cBK 00104070a88.1b88.1d2023-11-22l0oLI 028.5 S994tp5576/CSPr2023-11-22 14:31:45w2023-11-22yBK c74709d74709